Spell the Marvel Character #300 - Statistics

General Stats
  • This quiz has been taken 19 times
  • The average score is 7 of 10
Answer Stats
Picture Answer % Correct
Nova
94%
Gwenpool
88%
America Chavez
76%
Havok
76%
Hercules
71%
Ironheart
71%
Nighthawk
65%
Ka-Zar
59%
Thunderbird
59%
Wolfsbane
59%
No matching quizzes found
Score Distribution
Percent of People with Each Score
Percentile by Number Answered
Your Score History
You have not taken this quiz